Emotional Wellbeing (Record no. 23376)

MARC details
000 -LEADER
fixed length control field 00338nam a22001457a 4500
020 ## - INTERNATIONAL STANDARD BOOK NUMBER
ISBN 9789395457408
082 ## - DEWEY DECIMAL CLASSIFICATION NUMBER
Classification number 230
Author Cutter BAS
100 ## - MAIN ENTRY--AUTHOR NAME
Author name Basumatary Songram
245 ## - TITLE STATEMENT
Title Emotional Wellbeing
260 ## - PUBLICATION, DISTRIBUTION, ETC. (IMPRINT)
Place of publication Delhi
Name of publisher Christian World Prints
Year of publication 2022
300 ## - PHYSICAL DESCRIPTION
Number of Pages 238
650 ## - SUBJECT ADDED ENTRY--TOPICAL TERM
Topical Term Theology Problems of Sickness
942 ## - ADDED ENTRY ELEMENTS (KOHA)
Koha item type Books
Holdings
Home library Current library Shelving location Date acquired Source of acquisition Cost, normal purchase price Full call number Accession Number Koha item type
Henry Martyn Institute Library Henry Martyn Institute Library General stacks 10/26/2023 Director 450.00 230 BAS 11004778 Books
Henry Martyn Institute Library Henry Martyn Institute Library General stacks 10/26/2023 Director 450.00 230 BAS 11004779 Books
Henry Martyn Institute Library Henry Martyn Institute Library General stacks 10/26/2023 Director 450.00 230 BAS 11004780 Books
Henry Martyn Institute Library Henry Martyn Institute Library General stacks 09/02/2024 Director 450.00 230 BAS 11004861 Books
                   Copyright © 2026 | Henry Martyn Institute | Hyderabad | TS-500052 | INDIA | Implemented by hmi.edu.in
Hit-Count:

Powered by Koha